000 00360nam a2200157Ia 4500
005 20251020182559.0
008 200515s9999 xx 000 0 und d
082 _aSC/331.823/C42
110 _aCementos Lima S. A.
245 0 _aManual de trabajo seguro
260 _aLima
260 _c19??
300 _a16
650 _aSEGURIDAD E HIGIENE
942 _cLIB
999 _c3006
_d3006